003100000a2200109000450024500560000065000130005665000270006965000150009604100130011110000220012477300540014610aExperimental approach to rodent population dynamics14aRoedores14aDinámica poblacional14aBiología0 aInglés1 aKrebs, Charles J.1 tOIKOS: Journal of Ecology3911q143-149d1988g52